PowerJ developer's professional reference

Guardat en:
Dades bibliogràfiques
Autor principal: Peter J Horwood
Format: Llibre
Idioma:Undetermined
Publicat: New York McGraw-Hill 1998
Matèries:
Etiquetes: Afegir etiqueta
Sense etiquetes, Sigues el primer a etiquetar aquest registre!
Thư viện lưu trữ: Trung tâm Học liệu Trường Đại học Cần Thơ
LEADER 00501nam a2200181Ia 4500
001 CTU_51917
008 210402s9999 xx 000 0 und d
020 |b 170000 
082 |a 005.133 
082 |b H824 
100 |a Peter J Horwood 
245 0 |a PowerJ developer's professional reference 
245 0 |c Peter J. Horwood 
260 |a New York 
260 |b McGraw-Hill 
260 |c 1998 
650 |a powerJ ( computer program languge ) 
980 |a Trung tâm Học liệu Trường Đại học Cần Thơ